000
00322 a2200133 4500
000
nam a22 7a 4500
100
_a
Parveer,Singh
110
_a
Parveer,Singh
245
_a
वृचित्र निर्माण
250
_a
latest edition
260
_b
kalpna
_c
2025
264
_b
kalpna
_c
2025
942
_c
BK
999
_c
397305
_d
397305